000 00305nam a2200133Ia 4500
008 190216s9999||||xx |||||||||||||| ||und||
100 _aSatya Prakash
245 0 _aAdvanced Quantum Mechanics
250 _a1st Ed.
260 _bNull
_c1988
300 _a720
650 _aChemistry-Chemistry
942 _cBK
999 _c2631
_d2631